| 000 | 01259nam a22002897a 4500 | ||
|---|---|---|---|
| 005 | 2008070709199.0 | ||
| 006 | a|||||r|||||00| 1 | ||
| 007 | ta | ||
| 008 | 080611t xxu||||| |||| 00| 0 eng d | ||
| 010 | _aB-269911-914 | ||
| 020 | _c6250.00 (a set of 4 vols.) | ||
| 035 | _aB-269911-914 | ||
| 037 | _bGrolier International/7.5.08/12/8.4.08/5.6.08/6250.00 (set of 4 vol.) | ||
| 040 |
_aDPL _bEN |
||
| 082 | _aS / DIS | ||
| 100 | _aDisney, Walt | ||
| 245 |
_aStory a day for every day of the year:autumn / _cby Walt Disney |
||
| 260 |
_bGrolier Enterprises _c2006 _aDanbury |
||
| 270 | _aDanbury, Connecticut | ||
| 300 |
_a159p.: _c26 cm (Hb) _bcol. photos |
||
| 700 | _a | ||
| 942 |
_cCH _hS / DIS _2ddc |
||
| 999 |
_c14248 _d14248 |
||